[Event "RUS-chT Rapid Men 2018"]
[Site "Sochi"]
[Date "2018.10.08"]
[Round "4"]
[White "Potapov, Pavel"]
[Black "Bocharov, Ivan"]
[Result "0-1"]
[WhiteElo "2515"]
[BlackElo "2563"]
[Annotator "ChessBase"]
[PlyCount "78"]
[EventDate "2018.10.05"]
[EventType "swiss"]
[EventCountry "RUS"]
[SourceTitle "playchess.com"]
[Source "ChessBase"]
[SourceQuality "1"]
[TimeControl "900+10"]

1. e4 {[%emt 0:00:00]} e5 {[%emt 0:00:00]} 2. Nf3 {[%emt 0:00:00]} Nc6 {[%emt 0:00:00]} 3. Bb5 {[%emt 0:00:00]} a6 {[%emt 0:00:00]} 4. Ba4 {[%emt 0:00:03]} Nf6 {[%emt 0:00:00]} 5. d3 {[%emt 0:00:06]} d6 {[%emt 0:00:00]} 6. c3 {[%emt 0:00:13]} g6 {[%emt 0:00:04]} 7. O-O {[%emt 0:00:05]} Bg7 {[%emt 0:00:02]} 8. Re1 {[%emt 0:00:04]} O-O {[%emt 0:00:02]} 9. Nbd2 {[%emt 0:00:11]} b5 {[%emt 0:01:15]} 10. Bb3 {[%emt 0:00:08]} Nb8 {[%emt 0:00:12]} 11. Nf1 {[%emt 0:00:08]} Bb7 {[%emt 0:00:02]} 12. Ng3 {[%emt 0:00:21]} Nbd7 {[%emt 0:00:16]} 13. d4 {[%emt 0:00:09]} Re8 {[%emt 0:00:06]} 14. Bc2 {[%emt 0:02:17]} d5 {[%emt 0:01:23]} 15. exd5 {[%emt 0:01:16]} exd4 {[%emt 0:00:52]} 16. Rxe8+ {[%emt 0:01:03]} Qxe8 {[%emt 0:00:04]} 17. Nxd4 {[%emt 0:00:26]} Nxd5 {[%emt 0:00:07]} 18. Bg5 {[%emt 0:01:00]} Ne5 {[%emt 0:02:11]} 19. Qd2 {[%emt 0:02:01]} Nc4 {[%emt 0:00:26]} 20. Qc1 {[%emt 0:00:05]} b4 {[%emt 0:03:29]} 21. Bh6 {[%emt 0:01:40]} bxc3 {[%emt 0:01:58]} 22. bxc3 {[%emt 0:00:03]} Bxh6 {[%emt 0:00:19]} 23. Qxh6 {[%emt 0:00:03]} Nxc3 {[%emt 0:00:15]} 24. Nf3 {[%emt 0:04:41]} Bxf3 {[%emt 0:00:45]} 25. gxf3 {[%emt 0:00:02]} Qe5 {[%emt 0:00:01]} 26. Kg2 {[%emt 0:00:29]} Nd5 {[%emt 0:01:52]} 27. Rc1 {[%emt 0:00:39]} Qf4 {[%emt 0:00:45]} 28. Qxf4 {[%emt 0:00:10]} Nxf4+ {[%emt 0:00:00]} 29. Kg1 {[%emt 0:00:03]} Ne5 {[%emt 0:00:38]} 30. Be4 {[%emt 0:00:10]} Rb8 {[%emt 0:00:00]} 31. Rxc7 {[%emt 0:00:38]} Rb2 {[%emt 0:00:18]} 32. Rc5 {[%emt 0:01:13]} Nh3+ {[%emt 0:00:18]} 33. Kg2 {[%emt 0:00:16]} Nxf2 {[%emt 0:00:02]} 34. Kf1 {[%emt 0:00:01]} Nxe4 {[%emt 0:00:20]} 35. fxe4 {[%emt 0:00:15]} Nf3 {[%emt 0:00:18]} 36. Ra5 {[%emt 0:00:11]} Nxh2+ {[%emt 0:00:06]} 37. Ke1 {[%emt 0:00:01]} Nf3+ {[%emt 0:00:02]} 38. Kd1 {[%emt 0:00:02]} Rd2+ {[%emt 0:00:09]} 39. Kc1 {[%emt 0:00:02]} Rg2 {[%emt 0:00:01]} 0-1

[Event "RUS-chT Rapid Men 2018"]
[Site "Sochi"]
[Date "2018.10.08"]
[Round "4"]
[White "Demidov, Mikhail"]
[Black "Derjabin, Ilja"]
[Result "1/2-1/2"]
[WhiteElo "2514"]
[BlackElo "2345"]
[Annotator "TA"]
[PlyCount "162"]
[EventDate "2018.10.05"]
[EventType "swiss"]
[EventCountry "RUS"]
[SourceTitle "playchess.com"]
[Source "ChessBase"]
[SourceQuality "1"]

{[%evp 9,162,54,71,65,106,108,96,85,81,81,85,85,85,91,195,116,189,57,46,20,26,17,32,34,41,39,61,56,43,-72,70,72,67,66,71,21,25,20,60,0,4,8,60,63,68,77,71,58,136,136,142,134,143,133,126,129,153,129,136,114,137,122,145,112,112,112,112,112,181,173,162,112,179,170,172,112,112,51,50,43,43,43,47,51,51,8,8,8,18,18,19,8,47,8,8,8,64,64,87,87,87,87,87,87,95,96,96,96,86,89,136,136,136,136,136,136,175,187,174,43,43,43,43,8,43,8,19,0,43,0,43,0,18,8,8,0,8,8,43,0,0,0,0,0,0,0,0,0,0,0,0,0,0,0,0]} 1. Nf3 c5 2. g3 d5 3. Bg2 Nc6 4. d4 c4 (4... e6 5. O-O Nf6 6. c4 dxc4 7. dxc5 Qxd1 8. Rxd1 Bxc5 9. Nfd2 O-O 10. Nxc4 Rd8 11. Rxd8+ Nxd8 12. Nc3 Bd7 13. Na5 Ng4 14. Ne4 Bb4 15. Bd2 Bxd2 16. Nxd2 {½-½ (36) Ding,L (2777)-Harikrishna,P (2744) Huaian 2017}) 5. b3 cxb3 6. axb3 {D02: Damenbauernspiele} g6 $146 ({Vorgänger:} 6... e6 7. O-O Nf6 8. c4 Be7 9. Nc3 O-O 10. Qd3 b6 11. e4 dxe4 12. Nxe4 Nxe4 13. Qxe4 {1-0 (40) Urban,K (2447)-Wieczorek,R (2282) Lubniewice 2002}) 7. O-O Bg7 8. Bb2 {Weiß steht besser.} Nf6 9. c4 O-O 10. Nc3 Bf5 11. Ne5 {[%cal Rc3d5]} Nb4 (11... Be6 $16) 12. Nxd5 (12. cxd5 $1 $18 Nd7 13. e4 Nxe5 14. dxe5 (14. exf5 Ned3 $14)) 12... Nfxd5 (12... Nbxd5 $16 13. cxd5 Re8) 13. e4 (13. cxd5 $18 {Droht stark e4.} a5 14. e4) 13... Bxe5 $1 $14 14. dxe5 {[#]} (14. exf5 {with more complications.} Bg7 15. cxd5 Nxd5 16. Qd3 gxf5 17. Qxf5 e6 18. Qh5) 14... Ne3 $1 {[%cal Re3d1][%mdl 512]} 15. fxe3 Qxd1 16. Rfxd1 Bg4 17. Rd2 Rfd8 18. Rxd8+ Rxd8 19. h3 ({Vergiftet wäre} 19. Rxa7 $2 Rd1+ 20. Bf1 Nd3 $19) (19. Bd4 $14 {bleibt weiter vorne.}) 19... Be6 ({Lieber} 19... Rd1+ $17 20. Bf1 Rxa1 21. Bxa1 Bd1) 20. Rxa7 Rd1+ 21. Kh2 Nd3 22. Ba3 Ra1 23. Ra4 Ne1 {...Ta2 ist eine echte Drohung.} 24. Bh1 (24. Bxe7 $14 Rxa4 25. bxa4) 24... Ra2+ 25. Kg1 Nd3 (25... Bd7 $11 26. Ra8+ Kg7) 26. Bxe7 Rxa4 27. bxa4 Nxe5 {[%mdl 4096] Endspiel KLL-KLS} 28. c5 Bb3 (28... Bxh3 $14 29. Bf6 Nc6) 29. Bd6 $16 Nc6 30. e5 Bxa4 31. Bd5 Nd8 32. Kf2 Bc6 33. Bc4 Ne6 34. Be7 Be4 35. Ke1 h5 36. g4 hxg4 37. hxg4 Nc7 38. Kd2 Bc6 {[#]} (38... Kg7 $16 39. Bb3 Bf3) 39. Bd6 $1 $18 {[%cal Rd6c7]} Ne6 40. Be2 Ng5 (40... Kg7 $16 41. Kc3 Kh6) 41. Kc3 Kg7 42. Be7 ({Günstiger ist} 42. Kb4 $18) 42... Ne6 $16 43. Kb4 (43. Kd3 $16) 43... Nc7 $1 $14 {[%cal Rc7d5] Droht ...Sd5+ und aus.} 44. Bf6+ Kf8 45. Kc3 Ke8 46. Bd3 Kd7 47. e4 Ne6 48. Kb4 Nf4 49. Bc2 Ne6 50. Bb1 Nd4 51. Ka5 Ne6 52. Kb6 Nd4 (52... Kc8 $11) 53. Ba2 $1 Ne6 54. Bd5 Nd4 55. Bxf7 Bxe4 56. Bc4 Ne6 57. Bb5+ Bc6 58. Bd3 Nf4 59. Bc2 Nd5+ 60. Ka7 Nf4 61. Bg5 Ne6 62. Be3 Nf8 {[#]} 63. Bh6 $1 {[%cal Rh6f8]} Ne6 64. Kb6 (64. Bxg6 $18 Kc7 65. Bd2) 64... g5 $1 65. Bf5 Ke7 66. Ka7 (66. Bxe6 $5 Kxe6 67. Bxg5 $11) 66... Bd5 67. Kb8 (67. Bxe6 $5 Bxe6 68. Kxb7 (68. Bxg5+ Kd7 $11) 68... Bxg4 69. Bxg5+ Ke6 70. Bf4 $11) 67... Bc6 68. Ka7 Bd5 69. Kb6 (69. Bxe6 $5 Bxe6 70. Bxg5+ (70. Kxb7 Bxg4 71. Bxg5+ Kf7 $11) 70... Kd7 71. Kxb7 Bxg4 72. c6+ Ke6 73. Bf4 $11) 69... Bc6 70. Bc2 (70. Bxe6 $5 Kxe6 71. Bxg5 $11) 70... Bd5 71. Ba4 Kf7 72. Bd7 Bf3 73. Bc8 Bd5 74. Bxg5 (74. Bxe6+ $5 Kxe6 75. Bxg5 $11) 74... Nxg5 {Die Stellung ist ausgeglichen.} 75. Bxb7 Ke6 76. Bxd5+ Kxd5 $11 {KS-K3B} 77. c6 {Und weiter mit c7 wäre nett.} Ne6 78. g5 {Schwarz muss nun g6 beachten.} Kxe5 79. g6 Kf6 $1 80. c7 Nxc7 $1 81. Kxc7 Kxg6 {Precision: Weiß = 51%, Schwarz = 55%.} 1/2-1/2

[Event "RUS-chT Rapid Men 2018"]
[Site "Sochi"]
[Date "2018.10.08"]
[Round "4"]
[White "Khanin, Semen"]
[Black "Savitskiy, Sergey"]
[Result "1-0"]
[WhiteElo "2510"]
[BlackElo "2413"]
[Annotator "ChessBase"]
[PlyCount "59"]
[EventDate "2018.10.05"]
[EventType "swiss"]
[EventCountry "RUS"]
[SourceTitle "playchess.com"]
[Source "ChessBase"]
[SourceQuality "1"]
[TimeControl "900+10"]

1. e4 {[%emt 0:00:00]} c5 {[%emt 0:00:00]} 2. Nf3 {[%emt 0:00:00]} d6 {[%emt 0:00:00]} 3. d4 {[%emt 0:00:06]} cxd4 {[%emt 0:00:00]} 4. Nxd4 {[%emt 0:00:02]} Nf6 {[%emt 0:00:00]} 5. Nc3 {[%emt 0:00:01]} Nc6 {[%emt 0:00:02]} 6. Bg5 {[%emt 0:00:02]} e6 {[%emt 0:00:02]} 7. Qd2 {[%emt 0:00:02]} a6 {[%emt 0:00:03]} 8. O-O-O {[%emt 0:00:03]} Bd7 {[%emt 0:00:03]} 9. f3 {[%emt 0:00:03]} h5 {[%emt 0:00:18]} 10. h4 {[%emt 0:00:23]} Qc7 {[%emt 0:00:15]} 11. Nxc6 {[%emt 0:00:48]} bxc6 {[%emt 0:02:26]} 12. Bf4 {[%emt 0:00:28]} e5 {[%emt 0:00:30]} 13. Bg5 {[%emt 0:00:01]} Be6 {[%emt 0:00:14]} 14. f4 {[%emt 0:00:26]} exf4 {[%emt 0:09:11]} 15. Bxf4 {[%emt 0:00:07]} Rd8 {[%emt 0:00:02]} 16. Bxa6 {[%emt 0:01:45]} Be7 {[%emt 0:00:06]} 17. Be2 {[%emt 0:02:07]} Ng4 {[%emt 0:00:48]} 18. Rhf1 {[%emt 0:01:01]} O-O {[%emt 0:00:43]} 19. Bg5 {[%emt 0:00:22]} f6 {[%emt 0:00:51]} 20. Bf4 {[%emt 0:00:04]} Qa5 {[%emt 0:00:04]} 21. Kb1 {[%emt 0:00:34]} Ra8 {[%emt 0:00:36]} 22. b3 {[%emt 0:02:01]} Rfb8 {[%emt 0:00:26]} 23. Bxd6 {[%emt 0:01:50]} Bxd6 {[%emt 0:01:23]} 24. Qxd6 {[%emt 0:00:07]} Bxb3 {[%emt 0:00:01]} 25. cxb3 {[%emt 0:00:15]} Rxb3+ {[%emt 0:00:02]} 26. axb3 {[%emt 0:00:13]} Qxc3 {[%emt 0:00:02]} 27. Qe6+ {[%emt 0:02:13]} Kh8 {[%emt 0:00:28]} 28. Ba6 {[%emt 0:00:43]} Rxa6 {[%emt 0:00:39]} 29. Rd8+ {[%emt 0:00:02]} Kh7 {[%emt 0:00:15]} 30. Qf5+ {[%emt 0:00:02]} 1-0

[Event "RUS-chT Rapid Men 2018"]
[Site "Sochi"]
[Date "2018.10.08"]
[Round "4"]
[White "Chekhov, Sergei"]
[Black "Tekeyev, Zaur"]
[Result "0-1"]
[WhiteElo "2463"]
[BlackElo "2392"]
[Annotator "ChessBase"]
[PlyCount "70"]
[EventDate "2018.10.05"]
[EventType "swiss"]
[EventCountry "RUS"]
[SourceTitle "playchess.com"]
[Source "ChessBase"]
[SourceQuality "1"]
[TimeControl "900+10"]

1. e4 {[%emt 0:00:00]} c5 {[%emt 0:00:00]} 2. Nf3 {[%emt 0:00:00]} Nc6 {[%emt 0:00:00]} 3. c3 {[%emt 0:00:01]} e6 {[%emt 0:00:03]} 4. d4 {[%emt 0:00:03]} d5 {[%emt 0:00:01]} 5. exd5 {[%emt 0:00:01]} exd5 {[%emt 0:00:02]} 6. Bb5 {[%emt 0:00:03]} Bd6 {[%emt 0:00:02]} 7. dxc5 {[%emt 0:00:03]} Bxc5 {[%emt 0:00:01]} 8. O-O {[%emt 0:00:05]} Nge7 {[%emt 0:00:03]} 9. Nbd2 {[%emt 0:00:02]} O-O {[%emt 0:00:08]} 10. Qa4 {[%emt 0:00:34]} Bf5 {[%emt 0:00:51]} 11. Re1 {[%emt 0:00:37]} Qb6 {[%emt 0:00:49]} 12. Re2 {[%emt 0:00:24]} a6 {[%emt 0:03:03]} 13. Bxc6 {[%emt 0:00:03]} bxc6 {[%emt 0:00:40]} 14. Nb3 {[%emt 0:03:57]} Bd3 {[%emt 0:02:09]} 15. Be3 {[%emt 0:02:08]} Bxe3 {[%emt 0:02:16]} 16. Rxe3 {[%emt 0:00:03]} Be4 {[%emt 0:00:16]} 17. Ng5 {[%emt 0:02:42]} Nf5 {[%emt 0:04:15]} 18. Rh3 {[%emt 0:01:12]} Qb5 {[%emt 0:00:01]} 19. Qa3 {[%emt 0:01:07]} Rfe8 {[%emt 0:00:49]} 20. Nd2 {[%emt 0:01:34]} h6 {[%emt 0:00:59]} 21. c4 {[%emt 0:01:08]} Qb6 {[%emt 0:00:31]} 22. c5 {[%emt 0:00:58]} Qb5 {[%emt 0:00:15]} 23. Ngxe4 {[%emt 0:00:01]} dxe4 {[%emt 0:00:03]} 24. Re1 {[%emt 0:00:01]} Nd4 {[%emt 0:00:55]} 25. Rf1 {[%emt 0:01:53]} Rad8 {[%emt 0:00:21]} 26. Qe3 {[%emt 0:00:10]} f5 {[%emt 0:00:31]} 27. Rh4 {[%emt 0:00:26]} f4 {[%emt 0:00:10]} 28. Qe1 {[%emt 0:00:05]} e3 {[%emt 0:00:13]} 29. fxe3 {[%emt 0:00:00]} fxe3 {[%emt 0:00:04]} 30. Ne4 {[%emt 0:00:05]} Qd3 {[%emt 0:00:17]} 31. Nf6+ {[%emt 0:00:23]} gxf6 {[%emt 0:00:08]} 32. Qg3+ {[%emt 0:00:01]} Kf7 {[%emt 0:00:12]} 33. Rxf6+ {[%emt 0:00:02]} Kxf6 {[%emt 0:00:11]} 34. Rxh6+ {[%emt 0:00:01]} Kf7 {[%emt 0:00:04]} 35. Qg4 {[%emt 0:00:44]} Qb1+ {[%emt 0:00:04]} 0-1

[Event "RUS-chT Rapid Men 2018"]
[Site "Sochi"]
[Date "2018.10.08"]
[Round "4"]
[White "Belyakov, Bogdan"]
[Black "Maletin, Pavel"]
[Result "0-1"]
[WhiteElo "2458"]
[BlackElo "2586"]
[Annotator "ChessBase"]
[PlyCount "96"]
[EventDate "2018.10.05"]
[EventType "swiss"]
[EventCountry "RUS"]
[SourceTitle "playchess.com"]
[Source "ChessBase"]
[SourceQuality "1"]
[TimeControl "900+10"]

1. e4 {[%emt 0:00:00]} e5 {[%emt 0:00:00]} 2. Nf3 {[%emt 0:00:00]} Nc6 {[%emt 0:00:00]} 3. Nc3 {[%emt 0:00:00]} Nf6 {[%emt 0:00:00]} 4. a3 {[%emt 0:00:00]} d5 {[%emt 0:00:19]} 5. Bb5 {[%emt 0:00:00]} Nxe4 {[%emt 0:00:31]} 6. Nxe5 {[%emt 0:01:51]} Qf6 {[%emt 0:01:36]} 7. Nf3 {[%emt 0:00:43]} Qg6 {[%emt 0:04:33]} 8. Qe2 {[%emt 0:03:07]} Be6 {[%emt 0:02:41]} 9. Nh4 {[%emt 0:04:45]} Nxc3 {[%emt 0:00:42]} 10. dxc3 {[%emt 0:00:06]} Qe4 {[%emt 0:00:03]} 11. Nf3 {[%emt 0:00:46]} Qxe2+ {[%emt 0:00:05]} 12. Kxe2 {[%emt 0:00:02]} O-O-O {[%emt 0:00:16]} 13. Bxc6 {[%emt 0:00:06]} bxc6 {[%emt 0:00:02]} 14. Ng5 {[%emt 0:00:06]} Bg4+ {[%emt 0:00:14]} 15. f3 {[%emt 0:00:32]} Re8+ {[%emt 0:00:02]} 16. Kd1 {[%emt 0:00:08]} Bh5 {[%emt 0:00:09]} 17. Nh3 {[%emt 0:00:05]} f6 {[%emt 0:00:09]} 18. Nf4 {[%emt 0:00:13]} Bf7 {[%emt 0:00:01]} 19. h4 {[%emt 0:00:10]} c5 {[%emt 0:01:34]} 20. b4 {[%emt 0:02:14]} Bd6 {[%emt 0:00:05]} 21. bxc5 {[%emt 0:00:02]} Bxc5 {[%emt 0:00:01]} 22. Nd3 {[%emt 0:00:01]} Bb6 {[%emt 0:00:45]} 23. a4 {[%emt 0:00:03]} a5 {[%emt 0:00:07]} 24. Ba3 {[%emt 0:00:23]} d4 {[%emt 0:00:07]} 25. cxd4 {[%emt 0:00:36]} Bxd4 {[%emt 0:00:01]} 26. Rb1 {[%emt 0:00:01]} Bc4 {[%emt 0:00:11]} 27. Kd2 {[%emt 0:00:21]} Re6 {[%emt 0:00:16]} 28. Bc5 {[%emt 0:00:45]} Bxc5 {[%emt 0:00:34]} 29. Nxc5 {[%emt 0:00:02]} Rc6 {[%emt 0:00:00]} 30. Nd3 {[%emt 0:00:50]} Rd8 {[%emt 0:00:47]} 31. Rhe1 {[%emt 0:00:04]} Rcd6 {[%emt 0:00:47]} 32. Re3 {[%emt 0:00:41]} Bxd3 {[%emt 0:00:10]} 33. cxd3 {[%emt 0:00:50]} Rd4 {[%emt 0:00:02]} 34. g3 {[%emt 0:00:04]} Rxa4 {[%emt 0:00:10]} 35. Re7 {[%emt 0:00:01]} Ra3 {[%emt 0:00:16]} 36. Rxg7 {[%emt 0:00:07]} Rdxd3+ {[%emt 0:00:02]} 37. Ke2 {[%emt 0:00:05]} Re3+ {[%emt 0:00:25]} 38. Kf2 {[%emt 0:00:01]} Rxf3+ {[%emt 0:00:02]} 39. Kg2 {[%emt 0:00:01]} h5 {[%emt 0:00:08]} 40. Rb5 {[%emt 0:00:01]} Rfc3 {[%emt 0:01:04]} 41. Rxh5 {[%emt 0:00:03]} a4 {[%emt 0:00:34]} 42. Ra5 {[%emt 0:00:02]} Kb7 {[%emt 0:00:04]} 43. h5 {[%emt 0:00:02]} Rc2+ {[%emt 0:00:06]} 44. Kh3 {[%emt 0:00:02]} Ra1 {[%emt 0:00:02]} 45. Rb5+ {[%emt 0:00:16]} Kc6 {[%emt 0:00:04]} 46. Rf5 {[%emt 0:00:02]} Rh1+ {[%emt 0:00:11]} 47. Kg4 {[%emt 0:00:01]} Rc4+ {[%emt 0:00:01]} 48. Kf3 {[%emt 0:00:03]} Rf1+ {[%emt 0:00:02]} 0-1

[Event "RUS-chT Rapid Men 2018"]
[Site "Sochi"]
[Date "2018.10.08"]
[Round "4"]
[White "Usmanov, Vasily"]
[Black "Antipov, Mikhail Al."]
[Result "1-0"]
[WhiteElo "2453"]
[BlackElo "2593"]
[Annotator "ChessBase"]
[PlyCount "117"]
[EventDate "2018.10.05"]
[EventType "swiss"]
[EventCountry "RUS"]
[SourceTitle "playchess.com"]
[Source "ChessBase"]
[SourceQuality "1"]
[TimeControl "900+10"]

1. d4 {[%emt 0:00:00]} Nf6 {[%emt 0:00:00]} 2. c4 {[%emt 0:00:00]} c6 {[%emt 0:00:00]} 3. Nf3 {[%emt 0:00:02]} d5 {[%emt 0:00:00]} 4. cxd5 {[%emt 0:00:01]} cxd5 {[%emt 0:00:00]} 5. Nc3 {[%emt 0:00:01]} Nc6 {[%emt 0:00:00]} 6. Bf4 {[%emt 0:00:01]} a6 {[%emt 0:00:01]} 7. e3 {[%emt 0:00:06]} Bg4 {[%emt 0:00:01]} 8. h3 {[%emt 0:00:01]} Bxf3 {[%emt 0:00:03]} 9. Qxf3 {[%emt 0:00:01]} e6 {[%emt 0:00:03]} 10. Bd3 {[%emt 0:00:18]} Be7 {[%emt 0:00:12]} 11. O-O {[%emt 0:00:02]} O-O {[%emt 0:00:03]} 12. Rfc1 {[%emt 0:00:11]} Rc8 {[%emt 0:00:29]} 13. Qd1 {[%emt 0:00:55]} Nd7 {[%emt 0:00:32]} 14. a3 {[%emt 0:02:03]} Na5 {[%emt 0:03:26]} 15. e4 {[%emt 0:01:45]} Nf6 {[%emt 0:00:18]} 16. e5 {[%emt 0:02:54]} Nd7 {[%emt 0:00:01]} 17. b3 {[%emt 0:02:38]} Bg5 {[%emt 0:01:58]} 18. Bxg5 {[%emt 0:02:17]} Qxg5 {[%emt 0:00:01]} 19. Ne2 {[%emt 0:00:18]} f5 {[%emt 0:02:39]} 20. f4 {[%emt 0:00:04]} Qe7 {[%emt 0:01:10]} 21. b4 {[%emt 0:01:15]} Nc6 {[%emt 0:00:02]} 22. b5 {[%emt 0:00:07]} axb5 {[%emt 0:00:31]} 23. Bxb5 {[%emt 0:00:03]} Ndb8 {[%emt 0:00:52]} 24. Qa4 {[%emt 0:00:31]} Rc7 {[%emt 0:00:05]} 25. Rc3 {[%emt 0:00:05]} Rfc8 {[%emt 0:00:37]} 26. Rac1 {[%emt 0:00:01]} h6 {[%emt 0:00:43]} 27. Kh2 {[%emt 0:00:11]} Qh4 {[%emt 0:00:30]} 28. g3 {[%emt 0:00:48]} Qh5 {[%emt 0:00:05]} 29. Ng1 {[%emt 0:00:09]} g5 {[%emt 0:00:21]} 30. Be2 {[%emt 0:00:32]} Qg6 {[%emt 0:00:31]} 31. Nf3 {[%emt 0:00:07]} Kh8 {[%emt 0:00:55]} 32. Qd1 {[%emt 0:00:39]} Rg8 {[%emt 0:00:53]} 33. Qd2 {[%emt 0:00:02]} Rcg7 {[%emt 0:00:57]} 34. Rg1 {[%emt 0:00:05]} Nd7 {[%emt 0:00:01]} 35. g4 {[%emt 0:00:18]} gxf4 {[%emt 0:01:00]} 36. Qxf4 {[%emt 0:00:06]} fxg4 {[%emt 0:01:41]} 37. Rxg4 {[%emt 0:00:01]} Qf7 {[%emt 0:00:01]} 38. Qxh6+ {[%emt 0:00:19]} Rh7 {[%emt 0:00:01]} 39. Qf4 {[%emt 0:01:11]} Qxf4+ {[%emt 0:00:31]} 40. Rxf4 {[%emt 0:00:02]} Nf8 {[%emt 0:00:11]} 41. Bd3 {[%emt 0:00:21]} Rh6 {[%emt 0:00:09]} 42. Rb3 {[%emt 0:00:25]} Nd8 {[%emt 0:00:11]} 43. Rb2 {[%emt 0:00:14]} Nh7 {[%emt 0:00:08]} 44. h4 {[%emt 0:00:13]} Rf8 {[%emt 0:00:14]} 45. Rxf8+ Nxf8 {[%emt 0:00:01]} 46. Kg3 {[%emt 0:00:12]} Kg7 {[%emt 0:00:16]} 47. Ng5 {[%emt 0:00:33]} Ng6 {[%emt 0:00:06]} 48. Bxg6 {[%emt 0:00:07]} Kxg6 {[%emt 0:00:04]} 49. Kg4 {[%emt 0:00:03]} Kg7 {[%emt 0:00:17]} 50. Rb6 {[%emt 0:00:08]} Rg6 {[%emt 0:00:16]} 51. Rd6 {[%emt 0:00:17]} Nc6 {[%emt 0:00:01]} 52. h5 {[%emt 0:00:13]} Rh6 {[%emt 0:00:00]} 53. Nxe6+ {[%emt 0:00:08]} Kg8 {[%emt 0:00:02]} 54. Kg5 {[%emt 0:00:11]} Rh7 {[%emt 0:00:02]} 55. Rxd5 {[%emt 0:00:05]} Re7 {[%emt 0:00:01]} 56. Nf4 {[%emt 0:00:05]} Rg7+ {[%emt 0:00:05]} 57. Ng6 {[%emt 0:00:02]} Rf7 {[%emt 0:00:03]} 58. e6 {[%emt 0:00:09]} Rf1 {[%emt 0:00:11]} 59. Rd7 {[%emt 0:00:08]} 1-0

[Event "RUS-chT Rapid Men 2018"]
[Site "Sochi"]
[Date "2018.10.08"]
[Round "4"]
[White "Oganian, Miran"]
[Black "Gutenev, Alexander"]
[Result "1-0"]
[WhiteElo "2435"]
[BlackElo "2456"]
[Annotator "TA"]
[PlyCount "169"]
[EventDate "2018.10.05"]
[EventType "swiss"]
[EventCountry "RUS"]
[SourceTitle "playchess.com"]
[Source "ChessBase"]
[SourceQuality "1"]

{[%evp 13,169,16,25,0,11,4,32,33,28,26,31,0,18,7,7,0,0,-89,-125,-112,-119,-105,-88,-127,-44,-91,-100,-167,-167,-162,-156,-156,-156,-170,-152,-157,-150,-145,-93,-220,-133,-138,-130,-149,-134,-145,-130,-134,-98,-119,-120,-173,-169,-235,-231,-234,-225,-252,-163,-145,-145,-151,-79,-86,-74,-85,-75,-86,-82,-91,-83,-117,-36,-39,-42,-40,-33,-85,-88,-84,-39,-50,-52,-52,0,0,27,22,17,22,50,35,97,65,79,55,53,37,172,172,354,389,307,389,473,231,386,349,429,430,427,262,257,249,243,236,347,348,293,321,613,493,508,216,194,0,0,0,0,0,8,0,0,0,206,206,12842,12842,12843,12843,12851,12851,12851,12851,12851,12851,12851,12851,12851,12851,12851,12851,12851,12851,12851,12851,12851,12851]} 1. d4 {Krasenkow,M} Nf6 2. c4 g6 3. Nc3 d5 4. Bg5 Ne4 5. Bh4 Nxc3 6. bxc3 dxc4 7. e3 Be6 8. Be2 {D80: Grünfeld: Unusual White 4th moves and 4 Bg5} Bg7 9. Nh3 O-O 10. Nf4 {White is slightly better.} Bf5 11. Bxc4 Qd6 12. Qb3 $146 ({Predecessor:} 12. O-O Nc6 13. Bg3 e5 14. Nd3 Rad8 15. Bb5 a6 {½-½ (115) Tomashevsky,E (2749)-Vachier Lagrave,M (2754) Khanty-Mansiysk 2015 CBM 167 [Krasenkow,M]}) 12... Nc6 {[%cal Bb8c6,Bc6d4,Bd4c2][%mdl 32]} 13. Qxb7 Rab8 (13... Rfb8 $5 14. Qa6 $8 Nxd4 $11) 14. Qa6 Nxd4 15. Qxd6 (15. cxd4 Qb4+ 16. Ke2 (16. Kf1 Rb6 $17) 16... Rb6 $19) (15. O-O $1 $11 {keeps the balance.} Rb6 16. Qxa7) 15... Nc2+ $17 16. Ke2 exd6 17. Rac1 Rb2 (17... Bxc3 $2 18. Bd3 $18) 18. Kf3 Re8 (18... Bxc3 19. Nd3 $16) (18... Na3 $1 $17 {[%cal Ra3c4]} 19. Bd3 Bc8) 19. Nd3 Be4+ 20. Kg3 (20. Ke2 $17 {keeps fighting.} Nd4+ 21. Kd1 Bxd3 22. Bxd3) 20... Bxd3 $1 $19 21. Bxd3 {[#]} Nxe3 $1 {[%mdl 512]} 22. Rhe1 (22. fxe3 Rxe3+) 22... Be5+ 23. Kf3 Nd5 24. Bc4 Nb6 25. Bb3 a5 (25... c5 $142 26. Bg3 Kf8) 26. Re4 (26. Bg5 $17) 26... Kf8 27. Bg5 Kg7 28. Rc2 Rxc2 29. Bxc2 f5 30. Re1 Nd5 31. c4 Nb4 32. Bb1 (32. Ba4 $17 Ra8 33. Rb1) 32... Nc6 33. g3 (33. Be3 {is a better defense.}) 33... Rb8 $1 34. c5 dxc5 35. Bd3 Bd4 36. Bf4 Rb2 {[%csl Gd4][%cal Rb2f2]} 37. Re2 Rxe2 (37... Rb4 $142 $1 38. Rc2 Kf6) 38. Kxe2 $17 {[%mdl 4096] Endgame KBB-KBN} Be5 {aiming for ...Bxf4.} 39. Be3 Bd6 40. Bb5 Nb4 41. Bc4 Kf6 42. Bd2 Nc6 (42... a4 $17 43. f4 c6 44. Bc3+ Ke7) 43. Bd5 $15 Nd4+ 44. Kd3 c6 45. Bg8 (45. Bh1 $15) 45... a4 $17 46. Bc3 Kg7 47. Be6 Be5 48. Bd7 Bf6 (48... a3 $15) 49. Kc4 $11 Be7 50. Bxc6 a3 51. Bd5 Kf8 52. Ba5 {[%mdl 1024] White has compensation.} Ne2 ({Black should play} 52... Nc2 $1 $14) 53. Bd2 Bd6 54. Kd3 Nd4 55. Bc1 f4 (55... Ke7 $14) 56. Kc4 $18 (56. Bxf4 $6 Bxf4 57. gxf4 Ke7 $14) (56. Bxa3 $6 fxg3 57. fxg3 (57. hxg3 c4+ 58. Kxd4 Bxa3 $14) 57... c4+ 58. Kxd4 Bxa3 $16) 56... Ne2 $2 (56... Nc2 {might work better.} 57. gxf4 (57. Bxf4 Bxf4 58. gxf4 Nb4 $16) 57... Nb4) 57. Bxa3 fxg3 58. hxg3 ({Don't do} 58. fxg3 Ke7 $18) 58... Ke7 59. Bb2 (59. Bxc5 $142 {And now Be3 would win.} Bxc5 60. Kxc5) 59... h5 $2 (59... Bb8 {was necessary.} 60. a4 Ba7) 60. a4 Nd4 61. a5 Bb8 62. a6 Ba7 63. Ba3 Kd6 64. Bf7 Nc6 (64... Nf3 $142) 65. f4 Ne7 66. Bb2 Nf5 $2 (66... Kc6 67. Bf6 Nf5) 67. Bxg6 Nxg3 68. Be5+ (68. f5 $142 {f6 is the strong threat.} Ne2 69. Bxh5) 68... Ke6 {[#] intending ...h4.} 69. Bc7 $2 (69. Bc3 $1 $18) 69... h4 $11 70. Be8 h3 71. Bc6 h2 72. Kb5 c4 {Threatens to win with ...c3.} 73. Bb6 Bb8 $2 (73... c3 $11 74. Bxa7 c2) 74. Kxc4 $18 h1=Q $2 (74... Kf5 75. Bg2 (75. a7 $2 Bxa7 76. Bd7+ Kg6 $19) 75... Ne2) 75. Bxh1 {White is clearly winning.} Nxh1 {[#]} 76. f5+ $1 {[%mdl 512]} Kxf5 77. Kd5 Ng3 78. Bc7 Bxc7 79. a7 Ne4 80. a8=Q Nf6+ 81. Kc6 Be5 82. Qc8+ Ke4 83. Qe6 Kd4 84. Qf5 Ne4 85. Qg4 {Precision: White = 52%, Black = 37%.} 1-0